Statistics for FC 24 TOTW 13

Click here to take the quiz!

General Stats

  • This quiz has been taken 4 times
  • The average score is 8 of 18

Answer Stats

ratposclubplayer% Correct
TOTW86STMarseillePierre-Emerick Aubameyang
100%
TOTW89LWTottenham HotspurSon Heung-Min
100%
TOTW86STLyonAlexandre Lacazette
67%
TOTW85RBRangersJames Tavernier
67%
TOTW86CMReal SociedadMikel Merino
67%
TOTW85STAtalantaAdemola Lookman
33%
TOTW86RMAl-NassrAnderson Talisca
33%
TOTW83CAMCoventry CityCallum O'Hare
33%
TOTW83STGironaChristhian Stuani
33%
TOTW83LWBEintracht FrankfurtÉric Junior Dina Ebimbe
33%
TOTW86CBJuventusFederico Gatti
33%
TOTW86LMAston VillaJohn McGinn
33%
TOTW85LWManchester United WomenMelvine Malard
33%
TOTW83CBHeidenheimPatrick Mainka
33%
TOTW84GKMallorcaPredrag Rajković
33%
TOTW83RMEstoril PraiaRodrigo Gomes
33%
TOTW83RWSevilla FemeninoArola Aparicio
0%
TOTW83CMJagiellonia BiałystokNené
0%

Score Distribution

Percentile by Number Answered

Percent of People with Each Score

Your Score History

You have not taken this quiz